000
00303nam a2200121Ia 4500
008
240624s9999 xx 000 0 und d
041
_a
eng
082
_a
338.5 GAL
100
_a
GALBRAITH JOHN KENNETH
245
_a
GREAT CRASH 1929
260
_c
1992
_a
New Delhi
_b
Penguin
300
_a
222 : p. : cm. ; 19
999
_c
21520
_d
21520